| 000 | 00690nam a22001817a 4500 | ||
|---|---|---|---|
| 005 | 20170209120504.0 | ||
| 008 | 170209b xxu||||| |||| 00| 0 eng d | ||
| 050 | _aHC59.7S282 1977 | ||
| 100 |
_aHettne, Bjorn _928721 |
||
| 245 |
_aEmerging trends in development theory _breport from a SAREC workshop on development theory _cedited by Hettne, Bjorn and Wallensteen, Peter |
||
| 260 |
_aStockholm _bSAREC _c1977 |
||
| 300 |
_a77p.; _c25cm. |
||
| 650 |
_aEconomic development _xCongresses _926534 |
||
| 650 |
_aDeveloping countries _xEconomic conditions _xCongresses _928722 |
||
| 700 |
_aHettne, Bjorn _eed. _928721 |
||
| 700 |
_aWallensteen, Peter _eed. _928723 |
||
| 942 |
_2lcc _cMONOGRAPH |
||
| 999 |
_c126081 _d126081 |
||